Egy osztályfőnöki órán
Elmentve itt :
| Szerző: | |
|---|---|
| Dokumentumtípus: | Cikk |
| Megjelent: |
1963-05-09
|
| Sorozat: | Délmagyarország
53 No. 106 |
| Kulcsszavak: | Zimonyi Péter, Galotti Gizella, Kordé Imre, Iskolai élet riport Szeged, nevelés, oktatás |
| Online Access: | http://dmarchiv.bibl.u-szeged.hu/73308 |
| LEADER | 00528nab a2200157 i 4500 | ||
|---|---|---|---|
| 001 | delm73308 | ||
| 005 | 20180928082636.0 | ||
| 008 | 180928s1963 hu o 0|| hun d | ||
| 040 | |a SZTE Délmagyarország Archívum |b hun | ||
| 041 | |a hun | ||
| 100 | 1 | |a Markovits Tibor | |
| 245 | 1 | 0 | |a Egy osztályfőnöki órán |h [elektronikus dokumentum] / |c Markovits Tibor |
| 260 | |c 1963-05-09 | ||
| 300 | |a 5 | ||
| 490 | 0 | |a Délmagyarország |v 53 No. 106 | |
| 695 | |a Zimonyi Péter, Galotti Gizella, Kordé Imre, Iskolai élet riport Szeged, nevelés, oktatás | ||